Liga Mistrzów 2010/11 Wymień zespoły! - Statystyki

Ogólne statystyki
  • Ten quiz został rozwiązany 152 razy
  • Średni wynik to 17 z 32
Statystyki odpowiedzi
Hint Odpowiedź % Poprawnych
C.Anglia Manchester United
93%
H.Anglia Arsenal
90%
E.Niemcy Bayern
88%
F.Anglia Chelsea
88%
G.Hiszpania Real Madryt
86%
G.Holandia Ajax
82%
D.Hiszpania Barcelona
81%
B.Portugalia Benfica
76%
G.Włochy Milan
71%
A.Włochy Inter Mediolan
69%
A. Anglia Tottenham
64%
E.Włochy Roma
60%
B.Francja Lyon
55%
F.Francja Marsylia
54%
C.Szkocja Rangers
52%
B.Niemcy Schalke
52%
D.Dania Kopenhaga
51%
C.Hiszpania Valencia
51%
H.Ukraina Szachtar
49%
E.Szwajcaria Basel
47%
H.Portugalia Braga
44%
F.Rosja Spartak Moskwa
40%
H.Serbia Partizan
38%
D.Grecja Panathinaikos
35%
D.Rosja Rubin Kazań
31%
A.Holandia Twente
31%
E.Rumunia Cluj
29%
B.Izrael Hapoel
27%
A.Niemcy Werder Brema
26%
G.Francja Auxerre
21%
F.Słowacja Zilina
20%
C.Turcja Buraspor
4%
Nie znaleziono quizów pasujących do podanych kryteriów
Rozkład punktacji
Procent ludzi z każdym wynikiem
Percentyl według liczby udzielonych odpowiedzi
Twoja historia wyników
Nie rozwiązałeś tego quizu